[Event "AUTO-INT-2565"]
[Site "http://www.queenalice.com/game.php?id=1154276"]
[Date "2013.2.21"]
[Round "1"]
[White "jamba"]
[Black "cathare"]
[Result "1-0"]
[WhiteElo "1576"]
[BlackElo "1730"]

1. d4 d5 2. e3 Nf6 3. Bd3 Nc6 4. f4 Nb4 5. g4 Bxg4 6. Nf3 Ne4 7. Nbd2 Nxd3+ 8.
cxd3 Nxd2 9. Bxd2 e6 10. Qa4+ c6 11. Ba5 Qh4+ 12. Nxh4 Be7 13. Bb6 Bxh4+ 14. Kd2
O-O 15. Rhg1 axb6 16. Qxa8 Rxa8 17. Rxg4 Be7 18. Rag1 g6 19. h4 Rxa2 20. Kc2 c5
21. h5 b5 22. hxg6 fxg6 23. Kb3 Ra6 24. dxc5 Bxc5 25. d4 Bd6 26. Rg5 Ra4 27. Rc1
Rc4 28. Ra1 Kg7 29. Rag1 Bc7 30. Ra1 Bb6 31. Ra8 Rc1 32. Rb8 Re1 33. Rxb7+ Kf6
34. Rxb6 Rxe3+ 35. Ka2 Re4 36. Rxd5 Rxf4 37. Rd7 h5 38. Rxb5 h4 39. Rh7 Rxd4 40.
Ra5 Rd5 41. Rxd5 exd5 42. Rxh4 g5 43. Rd4 Ke5 44. Rd1 g4 45. b4 d4 46. b5 1-0

[Event "AUTO-INT-2566"]
[Site "http://www.queenalice.com/game.php?id=1154550"]
[Date "2013.2.22"]
[Round "1"]
[White "pride"]
[Black "cathare"]
[Result "0-1"]
[WhiteElo "1475"]
[BlackElo "1692"]

1. e4 e5 2. Qf3 Nf6 3. Nc3 b6 4. Bc4 Bb7 5. Nh3 Nc6 6. Ng5 Nd4 7. Qd3 d5 8. exd5
Nxd5 9. Nb5 Qxg5 10. c3 Nf4 11. Qf1 Nxg2+ 12. Kd1 Bf3+ 0-1

[Event "AUTO-INT-2566"]
[Site "http://www.queenalice.com/game.php?id=1154551"]
[Date "2013.2.22"]
[Round "1"]
[White "cathare"]
[Black "pride"]
[Result "1-0"]
[WhiteElo "1708"]
[BlackElo "1540"]

1. d4 e5 2. dxe5 Qe7 3. Nf3 Nc6 4. b3 Nxe5 5. Ba3 d6 6. e3 Qf6 7. Bb2 Ne7 8. Nd4
Bg4 9. Be2 h5 10. f4 Nd3+ 11. Qxd3 c5 12. Nb5 Qf5 13. Nc7+ Kd8 14. Nxa8 Qc8 15.
Qxd6+ Bd7 16. Bc3 Qxa8 17. Ba5+ Ke8 18. Nc3 b6 19. Bf3 Qd8 20. Nb5 Qc8 21. Nc7+
Kd8 22. Bc3 Nf5 23. Qe5 Be7 24. O-O-O Nd6 25. Qxg7 Kxc7 26. e4 Bf8 27. Qxh8 Be6
28. Be5 Kc6 29. Qxh5 Nb5 30. f5 Bd7 31. Qxf7 Kb7 32. Bf4 Ka6 33. Rxd7 Nd4 34.
Rxa7+ Kb5 35. a4+ Kb4 36. Kb2 b5 37. c3# 1-0

[Event "AUTO-ADV-2795"]
[Site "http://www.queenalice.com/game.php?id=1163488"]
[Date "2013.3.21"]
[Round "1"]
[White "trunksjackson"]
[Black "cathare"]
[Result "1-0"]
[WhiteElo "1977"]
[BlackElo "1698"]

1. e4 e5 2. Nf3 Nc6 3. Bb5 Bc5 4. c3 Nf6 5. O-O h6 6. d4 exd4 7. cxd4 Bb6 8. Nc3
O-O 9. Re1 d6 10. Bxc6 bxc6 11. e5 Ng4 12. h3 Nxe5 13. dxe5 d5 14. Be3 Be6 15.
Nd4 Qd7 16. Rc1 c5 17. Nxe6 Qxe6 18. Qxd5 c6 19. Qxe6 fxe6 20. Ne4 Rf5 21. f4
1-0

[Event "AUTO-ADV-2795"]
[Site "http://www.queenalice.com/game.php?id=1163489"]
[Date "2013.3.21"]
[Round "1"]
[White "cathare"]
[Black "trunksjackson"]
[Result "0-1"]
[WhiteElo "1693"]
[BlackElo "1965"]

1. d4 Nf6 2. Nc3 e6 3. Nf3 c5 4. e3 d5 5. Be2 Nc6 6. Bb5 Bd7 7. a3 Rc8 8. dxc5
Bxc5 9. b4 Bb6 10. O-O O-O 11. Bb2 a6 12. Bxc6 Bxc6 13. a4 Bc7 14. b5 axb5 15.
axb5 Bd7 16. Qe2 Ba5 17. Ne5 Bxc3 18. Nxd7 Nxd7 19. Bxc3 Rxc3 20. Qd2 Rc5 21.
Qb4 Qb6 22. Ra2 Rxb5 23. Qe1 Rb2 0-1

[Event "AUTO-ADV-2795"]
[Site "http://www.queenalice.com/game.php?id=1163500"]
[Date "2013.3.21"]
[Round "1"]
[White "marconilho"]
[Black "cathare"]
[Result "1-0"]
[WhiteElo "1654"]
[BlackElo "1658"]

1. e4 e5 2. Bc4 Nf6 3. Nc3 c6 4. Nf3 d5 5. exd5 cxd5 6. Bb3 Bg4 7. h3 Bxf3 8.
Qxf3 Na6 9. Nxd5 e4 10. Nxf6+ Qxf6 11. Qxe4+ Be7 12. Qxb7 O-O 13. d3 Bb4+ 14.
Bd2 Rae8+ 15. Kd1 Bxd2 16. Kxd2 Qxf2+ 17. Kc3 Rc8+ 18. Bc4 Nc5 19. Raf1 Na4+ 20.
Kb4 Qc5+ 21. Kxa4 Rb8 22. b4 Qd4 23. Qa6 Qd7+ 24. b5 Rb6 25. Qa5 Qc7 26. g4 h6
27. h4 Qd7 28. Rf4 Kh7 29. h5 f6 30. Qb4 Ra6+ 31. Kb3 Rb8 32. Re1 Rab6 33. Re7
Qd8 34. Rxa7 Qe8 35. Rf5 Qe2 36. Re7 Qxg4 37. Qc5 Qd1 38. Qc7 Qb1+ 39. Kc3 Qg1
40. Rxf6 Rxf6 41. Qxb8 Qa1+ 42. Kb4 Rf1 43. Qg8# 1-0

[Event "AUTO-ADV-2795"]
[Site "http://www.queenalice.com/game.php?id=1163501"]
[Date "2013.3.21"]
[Round "1"]
[White "cathare"]
[Black "marconilho"]
[Result "0-1"]
[WhiteElo "1674"]
[BlackElo "1680"]

1. e4 e5 2. Nf3 Nc6 3. Bb5 a6 4. Bxc6 dxc6 5. Nxe5 Nf6 6. d3 Bd7 7. O-O Be7 8.
Bg5 h6 9. Bxf6 Bxf6 10. Nxd7 Qxd7 11. c3 O-O-O 12. d4 Rdg8 13. Na3 g5 14. Nc4 g4
15. g3 h5 16. b4 h4 17. Qe2 hxg3 18. fxg3 Rg7 19. Rxf6 Rgh7 20. Ne5 Qe7 21.
Qxg4+ Kb8 22. Raf1 Rxh2 23. Rxf7 Rh1+ 24. Kf2 R1h2+ 25. Ke1 Qd6 26. Nc4 Qh6 27.
a4 Qc1+ 28. Qd1 Qxc3+ 29. Nd2 Qe3+ 0-1

[Event "AUTO-ADV-2795"]
[Site "http://www.queenalice.com/game.php?id=1163508"]
[Date "2013.3.21"]
[Round "1"]
[White "cathare"]
[Black "blackwolf"]
[Result "0-1"]
[WhiteElo "1688"]
[BlackElo "1739"]

1. e4 e5 2. Nf3 Nf6 3. Nxe5 d6 4. Nf3 Nxe4 5. Qe2 Qe7 6. Nc3 Nxc3 7. bxc3 Qxe2+
8. Bxe2 Be7 9. O-O O-O 10. d4 Re8 11. Bd3 Bg4 12. Nd2 Bg5 13. Nb1 Bxc1 14. Rxc1
Nd7 15. Nd2 Be2 16. Re1 Bxd3 17. cxd3 Nf6 18. a4 Kf8 19. Nc4 Rxe1+ 20. Rxe1 Re8
21. h3 Rxe1+ 0-1

[Event "AUTO-ADV-2795"]
[Site "http://www.queenalice.com/game.php?id=1163509"]
[Date "2013.3.21"]
[Round "1"]
[White "blackwolf"]
[Black "cathare"]
[Result "0-1"]
[WhiteElo "1757"]
[BlackElo "1708"]

1. d4 d5 2. c4 dxc4 3. Nc3 Nf6 4. Nf3 a6 5. e4 Bg4 6. Bxc4 e6 7. O-O Bxf3 8.
gxf3 Be7 9. Bf4 Nh5 10. Be3 Bg5 11. Bxg5 Qxg5+ 12. Kh1 O-O 13. Rg1 Qh6 14. Qb3
Nf4 15. Qxb7 Nd7 16. Qxc7 Qh5 17. Qxd7 Qxf3+ 0-1

[Event "AUTO-INT-2565"]
[Site "http://www.queenalice.com/game.php?id=1175707"]
[Date "2013.4.27"]
[Round "2"]
[White "cathare"]
[Black "Leucio"]
[Result "1-0"]
[WhiteElo "1626"]
[BlackElo "1718"]

1. Nf3 d5 2. d4 Nf6 3. c4 dxc4 4. Nc3 a6 5. e4 e6 6. Bg5 Be7 7. Bxc4 b5 8. Bb3
Bb7 9. O-O Nxe4 10. Bxe7 Qxe7 11. d5 Nc5 12. Bc2 Nbd7 13. Re1 O-O-O 14. b4 1-0

[Event "AUTO-INT-2565"]
[Site "http://www.queenalice.com/game.php?id=1175710"]
[Date "2013.4.27"]
[Round "2"]
[White "cathare"]
[Black "Amazona"]
[Result "0-1"]
[WhiteElo "1636"]
[BlackElo "1865"]

1. Nf3 d5 2. d4 e6 3. a3 Nc6 4. Nc3 Nf6 5. Bf4 a6 6. b4 b5 7. a4 bxa4 8. Rxa4
Bd7 9. e3 Nxb4 10. Ra1 a5 11. Bb5 c6 12. Ba4 Na6 13. Bg5 Be7 14. Ne5 Nb4 15. Ne2
h6 16. c3 Na6 17. Bxf6 Bxf6 18. Nxc6 Qc7 19. Ne5 Bxe5 20. Bxd7+ Qxd7 21. dxe5
Qc7 22. Qa4+ Qd7 23. Qxa5 O-O 24. Qa3 Qc6 25. O-O Qb5 26. Nd4 Qb8 27. Nc6 Qb7
28. Ne7+ Kh8 29. Rfb1 Qd7 30. h3 Rfe8 31. Rb6 Nc7 32. Qb2 Rxa1+ 33. Qxa1 Qxe7
34. g4 Qc5 0-1

[Event "AUTO-INT-2565"]
[Site "http://www.queenalice.com/game.php?id=1175711"]
[Date "2013.4.27"]
[Round "2"]
[White "Amazona"]
[Black "cathare"]
[Result "1-0"]
[WhiteElo "1798"]
[BlackElo "1646"]

1. e4 c5 2. Nf3 Nc6 3. d4 e6 4. d5 exd5 5. Qxd5 Nb4 6. Qc4 Qa5 7. Bd2 b5 8. Bxb4
cxb4 9. Qxb5 Qxb5 10. Bxb5 Be7 11. O-O Nh6 12. Nbd2 O-O 13. Ne5 d6 14. Nd3 a5
15. Bc6 Ra7 16. h3 Rc7 17. Ba4 g6 18. Nf4 Bg5 19. Nd5 Rc5 20. Nf3 Bb7 21. Nxg5
Bxd5 22. exd5 Rxd5 23. Nf3 Nf5 24. c4 Rd3 25. Bc2 Rxf3 26. gxf3 Nd4 27. Bd3 Re8
28. Be4 f5 29. Bd5+ Kg7 30. Kg2 f4 31. Rad1 Nf5 32. Be4 Kf6 33. Bxf5 gxf5 34.
Rxd6+ Kf7 35. Rd7+ Kg6 36. h4 1-0

[Event "Rouletabosse-2"]
[Site "http://www.queenalice.com/game.php?id=1241135"]
[Date "2013.12.18"]
[Round "3"]
[White "legorille"]
[Black "cathare"]
[Result "1-0"]
[WhiteElo "1702"]
[BlackElo "1644"]

1. e4 e5 2. Nf3 Nc6 3. Bb5 a6 4. Bc4 Nf6 5. Ng5 d5 6. exd5 Nxd5 7. d3 Be7 8.
Nxf7 Kxf7 9. Qf3+ Ke8 10. Bxd5 Rf8 11. Bxc6+ Bd7 12. Bxd7+ Qxd7 13. Qxb7 Qd8 14.
Qc6+ Kf7 15. Qc4+ Kg6 16. O-O h6 17. Qe4+ Kf7 18. Qxe5 Kg8 19. Nc3 Qd7 20. Qg3
Bd6 21. Qh4 Rf6 22. Ne4 Re6 23. Nxd6 Rxd6 24. Be3 Rb8 25. b3 1-0

[Event "Rouletabosse-2"]
[Site "http://www.queenalice.com/game.php?id=1255706"]
[Date "2014.2.12"]
[Round "4"]
[White "leking"]
[Black "cathare"]
[Result "0-1"]
[WhiteElo "1575"]
[BlackElo "1630"]

1. e4 c5 2. d4 e6 3. dxc5 Bxc5 4. Nf3 Nc6 5. c3 Qb6 6. Qe2 Nf6 7. b4 Ng4 8. bxc5
Qxc5 9. Bb2 b6 10. Nbd2 Ba6 11. Nc4 Bxc4 12. Qxc4 Qxf2+ 13. Kd1 Qxb2 0-1